000 00682nam a22002297a 4500
005 20170124105938.0
010 _aA-596974
020 _c00.00
_a817035181
035 _aA-596974
037 _bCen Lib/Ret
040 _aDPL
_bEN
082 _a305.42
_bWOM
245 _aWomen in Meghalaya /
_bedited by Soumen Sen
260 _aDelhi
_bDaya publishing House
_c1992
270 _a1123/74 Ram Park , Tri Nagar
_bDelhi
_e110035
300 _a102p.
_c22cm(Hb)
500 _aIncludes bibliographical references.
650 _aWomen--Social conditions
_98449
650 _aSocial history
_97270
700 _aSen, Soumen
_910401
942 _2ddc
_cEN
_h305.42
_mWOM
999 _c124336
_d124336